Statistics for Landmarks of U.S. States #2

Click here to take the quiz!

General Stats

  • This quiz has been taken 13,864 times
  • The average score is 17 of 30

Answer Stats

LandmarkState% Correct
Niagara FallsNew York
92%
Mount RushmoreSouth Dakota
91%
Times SquareNew York
91%
The Grand CanyonArizona
89%
Alcatraz IslandCalifornia
86%
Lincoln MemorialWashington D.C.
78%
Willis Tower (Sears Tower)Illinois
77%
Atlantic City BoardwalkNew Jersey
77%
Hoover Dam Nevada/Arizona
76%
Old Faithful Wyoming
74%
Bourbon StreetLouisiana
74%
Gateway Arch Missouri
74%
GracelandTennessee
74%
Independence HallPennsylvania
71%
Plymouth RockMassachusetts
63%
Hanauma Bay Hawaii
61%
Mt. VernonVirginia
58%
Colonial Williamsburg Virginia
58%
Mount HoodOregon
47%
Carlsbad CavernsNew Mexico
41%
Diamond HeadHawaii
34%
Hearst CastleCalifornia
33%
Biltmore EstateNorth Carolina
29%
Navy Pier Illinois
29%
The Golden SpikeUtah
28%
Faneuil HallMassachusetts
24%
Breakers MansionRhode Island
16%
Chimney RockNebraska
16%
Grand Coulee Dam Washington
16%
House on the RockWisconsin
16%

Score Distribution

Percentile by Number Answered

Percent of People with Each Score

Your Score History

You have not taken this quiz